Liedtext Die Besten sterben nie - Willkuer - Statistiken

Allgemein
  • Dieses Quiz wurde 6 mal gespielt
  • Das Durchschnittsergebnis liegt bei 181 aus 264
Antwortstatistiken
Antwort % Korrekt
besten
100%
Besten
100%
da,
100%
dein
100%
deine
100%
Deine
100%
deinen
100%
der
100%
dich
100%
Die
100%
die
100%
dir
100%
Du
100%
du
100%
es
100%
ich
100%
Ich
100%
mein
100%
mich
100%
Mir
100%
mir
100%
nie
100%
sterben
100%
Und
100%
wir
100%
Wir
100%
alle
75%
auch
75%
bist
75%
deinem
75%
deiner
75%
dem
75%
den
75%
Denn
75%
Doch
75%
für
75%
haben
75%
Hast
75%
immer
75%
in
75%
jede
75%
Tag
75%
vergess'
75%
war
75%
was
75%
weiß
75%
Weiß
75%
alles
50%
aus
50%
bei
50%
gehen
50%
hat
50%
Hättest
50%
heute
50%
Ja
50%
noch
50%
nun
50%
Spuren
50%
Stimme
50%
Von
50%
warst
50%
Werd
50%
werd'
50%
Werd'
50%
Anker
25%
Art
25%
behalt
25%
bestehen
25%
Beweis
25%
bezwungen
25%
bleiben
25%
Bruder,
25%
Dreck
25%
eingefangen
25%
gebrannt
25%
Gehirn
25%
gekämpft
25%
geschlagen
25%
gezogen
25%
Gipfel
25%
höchsten
25%
Klang
25%
Kugel
25%
Kumpel
25%
manchmal
25%
Müssen
25%
müssen
25%
oh-oh-oh-oh
25%
Schlacht
25%
Schmunzeln
25%
tief
25%
tragen
25%
tut
25%
tuts
25%
Vermächtnis
25%
Vorbild,
25%
wahre
25%
Weg
25%
weh
25%
weiter
25%
weitergehen
25%
werte
25%
wichtig
25%
wieder
25%
Worte
25%
zehre
25%
Keine übereinstimmenden Quizze gefunden
Verteilung der Resultate
Anzahl Personen mit jedem Resultat
Perzentil nach korrekt beantworteten Fragen
Ihre Resultats-Entwicklung
Sie haben dieses Quiz noch nicht gespielt